| 000 | 00829nam a22002177a 4500 | ||
|---|---|---|---|
| 999 |
_c1175 _d1175 |
||
| 003 | AR-CdUCM | ||
| 008 | 190226b ||||| |||| 00| 0 spa d | ||
| 020 | _a9509432520 | ||
| 040 |
_aMUNICIPALIDAD PROVINCIAL DEL CUSCO _cBIBLIOTECA MUNICIPAL DEL CUSCO |
||
| 041 | _heng. | ||
| 082 |
_a320.973 / _bB82 |
||
| 100 |
_aBrewster C.Denny _94611 |
||
| 245 | _aSistema de gobierno y política de estados unidos / | ||
| 260 |
_aArgentina : _bGrupo editor latinoamericano, _c1986. |
||
| 300 |
_a235 paginas ; _c22 cm. |
||
| 505 | _aLa base constitucional de la política exterior --De Filadelfia a Versailles y de regreso --Hacia la responsabilidad permanente del orden mundial --La guerra fría ... | ||
| 650 |
_aCiencia política _91775 |
||
| 650 |
_aDesarrollo político _94612 |
||
| 942 |
_2ddc _cLIBROS |
||
| 945 |
_arjall _d2019-02-26 |
||